[Event "Benidorm 2003 - sub2300"]
[Site "Benidorm ESP"]
[Date "2003.11.24"]
[Round "4.69"]
[White "Ingunza Lopez, Txema"]
[Black "Vicente Torrecillas, Fran"]
[Result "1-0"]
[WhiteElo "1997"]
[BlackElo "2128"]
[PlyCount "65"]
[EventDate "2003.11.21"]
[EventType "swiss"]
[EventRounds "9"]
[EventCountry "ESP"]
[Source "lmi"]
[SourceDate "2003.11.21"]

1. e4 d6 2. d4 Nf6 3. Nc3 g6 4. f4 Bg7 5. Nf3 O-O 6. Bd3 Na6 7. O-O c5 8. Bxa6
cxd4 9. Nxd4 bxa6 10. Kh1 Bb7 11. Qd3 Qb6 12. Be3 Ng4 13. Bg1 Qa5 14. h3 Qh5
15. Qf3 e5 16. Nde2 f5 17. Rad1 Qh4 18. Rxd6 exf4 19. Rd7 Ne5 20. Rxg7+ Kxg7
21. Bd4 Rfe8 22. Nd5 Bxd5 23. exd5 g5 24. Qc3 Rac8 25. Bxe5+ Kg6 26. Qa3 f3 27.
Qd6+ Kh5 28. Ng3+ Qxg3 29. Bxg3 fxg2+ 30. Kxg2 Rxc2+ 31. Rf2 Rec8 32. Qd7 f4
33. Qxh7# 1-0

[Event "Benidorm 2003 - sub2300"]
[Site "Benidorm ESP"]
[Date "2003.11.24"]
[Round "4.75"]
[White "Machin Arbelo, Pedro Alexis"]
[Black "Vilarnovo Caamano, Jose"]
[Result "0-1"]
[WhiteElo "2064"]
[BlackElo "2081"]
[PlyCount "61"]
[EventDate "2003.11.21"]
[EventType "swiss"]
[EventRounds "9"]
[EventCountry "ESP"]
[Source "lmi"]
[SourceDate "2003.11.21"]

1. e4 c5 2. Nf3 Nc6 3. c3 d5 4. exd5 Qxd5 5. d4 e6 6. Na3 Nf6 7. Nb5 Qd8 8. Bf4
Nd5 9. Bg3 a6 10. c4 axb5 11. cxd5 Qa5+ 12. Qd2 Nb4 13. Rc1 Nxa2 14. Qxa5 Rxa5
15. Bc7 Nxc1 16. Bxa5 c4 17. dxe6 Bxe6 18. Nd2 Bf5 19. b3 Nd3+ 20. Ke2 b6 21.
Bxb6 Nb2 22. Kf3 Bb4 23. Ne4 O-O 24. Bc5 Bxe4+ 25. Kxe4 Re8+ 26. Kd5 Bxc5 27.
dxc5 Rd8+ 28. Ke4 Nd1 29. Rg1 c3 30. Bd3 Nxf2+ 31. Ke3 0-1

[Event "Benidorm 2003 - sub2300"]
[Site "Benidorm ESP"]
[Date "2003.11.24"]
[Round "4.78"]
[White "Perez Cameselle, Francisco"]
[Black "Carrasco Sagredo, Manuel"]
[Result "0-1"]
[WhiteElo "2034"]
[BlackElo "2086"]
[PlyCount "64"]
[EventDate "2003.11.21"]
[EventType "swiss"]
[EventRounds "9"]
[EventCountry "ESP"]
[Source "lmi"]
[SourceDate "2003.11.21"]

1. Nf3 Nf6 2. g3 g6 3. Bg2 Bg7 4. O-O O-O 5. d3 d6 6. e4 c5 7. Nbd2 Nc6 8. Re1
Bd7 9. c3 b5 10. Qe2 Rb8 11. Nf1 a5 12. d4 cxd4 13. Nxd4 Ne5 14. Ne3 Qc7 15.
Nd5 Nxd5 16. exd5 Rfe8 17. Bg5 h6 18. Bf4 b4 19. Rac1 bxc3 20. bxc3 a4 21. Bxe5
dxe5 22. Nf3 a3 23. c4 Rb2 24. Rc2 Reb8 25. Rec1 Bf5 26. Rd2 Qa5 27. Rcd1 Qc3
28. Qe3 Rxd2 29. Qxd2 Qxc4 30. Rc1 Qxc1+ 31. Qxc1 Rb1 32. Qxb1 Bxb1 0-1

[Event "Benidorm 2003 - sub2300"]
[Site "Benidorm ESP"]
[Date "2003.11.24"]
[Round "5.2"]
[White "Jimenez Villena, Francisco Jose"]
[Black "Renteria Becerra, Jorge Eliecer"]
[Result "1-0"]
[WhiteElo "2240"]
[BlackElo "2281"]
[PlyCount "85"]
[EventDate "2003.11.21"]
[EventType "swiss"]
[EventRounds "9"]
[EventCountry "ESP"]
[Source "lmi"]
[SourceDate "2003.11.21"]

1. d4 Nf6 2. c4 c5 3. d5 b5 4. cxb5 a6 5. bxa6 g6 6. Nc3 Bxa6 7. g3 d6 8. Bg2
Bg7 9. Nf3 O-O 10. O-O Nbd7 11. Rb1 Qa5 12. Bd2 Rfb8 13. Qc2 Ne8 14. a4 Rb7 15.
Rfd1 Rab8 16. b3 Qd8 17. e4 h6 18. Bf1 Bxf1 19. Rxf1 Nc7 20. h4 Qe8 21. Rfe1
Na6 22. Nb5 Qc8 23. Rbc1 Nb6 24. Bc3 Bxc3 25. Qxc3 Nb4 26. Qd2 Qf8 27. h5 g5
28. Nfd4 Nd7 29. Nf5 Ne5 30. Rc3 g4 31. Nxh6+ Kh7 32. Nf5 Nf3+ 33. Rxf3 gxf3
34. Re3 e6 35. Nfxd6 Rd7 36. dxe6 fxe6 37. e5 Nd5 38. Qd3+ Kg8 39. Qg6+ Kh8 40.
Qxe6 Nxe3 41. Qxd7 Ng2 42. e6 Nf4 43. e7 1-0

[Event "Benidorm 2003 - sub2300"]
[Site "Benidorm ESP"]
[Date "2003.11.24"]
[Round "5.3"]
[White "Manea, Alexandru"]
[Black "Castillo Gallego, Sergio"]
[Result "1/2-1/2"]
[WhiteElo "2265"]
[BlackElo "2204"]
[PlyCount "149"]
[EventDate "2003.11.21"]
[EventType "swiss"]
[EventRounds "9"]
[EventCountry "ESP"]
[Source "lmi"]
[SourceDate "2003.11.21"]

1. e4 e5 2. Nf3 Nc6 3. Nc3 g6 4. d4 exd4 5. Nxd4 Bg7 6. Be3 Nf6 7. f3 O-O 8.
Bc4 Ne5 9. Be2 d5 10. exd5 Nxd5 11. Nxd5 Qxd5 12. O-O Nc4 13. Bxc4 Qxc4 14. c3
c5 15. Nc2 Qb5 16. Qc1 Re8 17. Na3 Qa6 18. Bh6 Qc6 19. Qf4 Qf6 20. Qxf6 Bxf6
21. Nb5 Be5 22. f4 Bb8 23. Rae1 Bd7 24. c4 Bxb5 25. cxb5 Bd6 26. Kf2 f6 27. Kf3
Kf7 28. g4 Rad8 29. Rxe8 Kxe8 30. Rd1 Kf7 31. Rd5 Ke6 32. Ke4 Rg8 33. h4 b6 34.
b3 Be5 35. f5+ gxf5+ 36. gxf5+ Kf7 37. Bf4 Bxf4 38. Kxf4 Ke7 39. Rd3 h5 40.
Re3+ Kf7 41. Re4 Rg2 42. a3 Rf2+ 43. Kg3 Rxf5 44. Ra4 Rd5 45. Rxa7+ Kg6 46. Ra6
Rd3+ 47. Kf4 Rxb3 48. Rxb6 Rxa3 49. Rc6 Ra4+ 50. Kg3 c4 51. b6 Ra3+ 52. Kg2 Rb3
53. Rxc4 Rxb6 54. Kg3 Rb3+ 55. Kg2 Re3 56. Kf2 Re5 57. Kf3 Re1 58. Kf2 Re5 59.
Kf3 Rd5 60. Ra4 Kf5 61. Rf4+ Ke6 62. Re4+ Kd6 63. Kf4 Re5 64. Ra4 Ke6 65. Ra8
Rf5+ 66. Kg3 Rb5 67. Rh8 Re5 68. Kf4 Rf5+ 69. Ke4 Ra5 70. Kf4 Kf7 71. Rh7+ Ke6
72. Rh8 Ra4+ 73. Kg3 Ra3+ 74. Kg2 Ra5 75. Kg3 1/2-1/2

[Event "Benidorm 2003 - sub2300"]
[Site "Benidorm ESP"]
[Date "2003.11.24"]
[Round "5.4"]
[White "De la Fuente Gonzalez, Francisco"]
[Black "Agayev, Nidjat"]
[Result "0-1"]
[WhiteElo "2260"]
[BlackElo "2203"]
[PlyCount "98"]
[EventDate "2003.11.21"]
[EventType "swiss"]
[EventRounds "9"]
[EventCountry "ESP"]
[Source "lmi"]
[SourceDate "2003.11.21"]

1. d4 c5 2. d5 d6 3. c4 g6 4. Nc3 Bg7 5. e4 Nf6 6. Nf3 O-O 7. Bd3 e6 8. O-O Re8
9. h3 Na6 10. Be3 Nc7 11. a4 e5 12. Qd2 Bd7 13. Bg5 Qc8 14. Ne2 Nh5 15. Bh6 f5
16. Bxg7 Kxg7 17. Ng3 Nf6 18. Rfe1 f4 19. Ne2 Bxh3 20. gxh3 Qxh3 21. Nh2 f3 22.
Nxf3 Qxf3 23. Ng3 Rf8 24. Re3 Qf4 25. Re2 Qh4 26. Kg2 Qf4 27. f3 Nd7 28. Qxf4
exf4 29. Nh1 Ne5 30. Nf2 a5 31. b3 g5 32. Rd1 h5 33. Bb1 Kg6 34. Nd3 Rae8 35.
Kf2 Nxd3+ 36. Bxd3 Re5 37. Rg1 Ne8 38. Ke1 Nf6 39. Reg2 Rh8 40. Kd2 Kh6 41. Rh2
Ra8 42. Bf1 g4 43. fxg4 Nxe4+ 44. Kd3 Nf6 45. Be2 Re3+ 46. Kd2 Rxb3 47. Rf1
Nxg4 48. Rg2 Rg3 49. Rxg3 fxg3 0-1

[Event "Benidorm 2003 - sub2300"]
[Site "Benidorm ESP"]
[Date "2003.11.24"]
[Round "5.5"]
[White "De la Cruz Sanchez, C Gustavo"]
[Black "Lada, Ireneusz"]
[Result "1/2-1/2"]
[WhiteElo "2259"]
[BlackElo "2192"]
[PlyCount "56"]
[EventDate "2003.11.21"]
[EventType "swiss"]
[EventRounds "9"]
[EventCountry "ESP"]
[Source "lmi"]
[SourceDate "2003.11.21"]

1. e4 c6 2. d4 d5 3. Nc3 dxe4 4. Nxe4 Nf6 5. Nxf6+ gxf6 6. Nf3 Bf5 7. Bd3 Bg6
8. Bf4 e6 9. h4 Bh5 10. c3 Bd6 11. Bxd6 Qxd6 12. Rg1 Bxf3 13. Qxf3 Nd7 14.
O-O-O O-O-O 15. Kb1 f5 16. g4 fxg4 17. Rxg4 f5 18. Rg7 Nf6 19. Re1 Kb8 20. Bc4
Rde8 21. Qe2 Ne4 22. Rf7 Qf4 23. Bd3 Nd2+ 24. Kc2 Nf3 25. Rh1 Ref8 26. Re7 Re8
27. Rf7 Ref8 28. Re7 Re8 1/2-1/2

[Event "Benidorm 2003 - sub2300"]
[Site "Benidorm ESP"]
[Date "2003.11.24"]
[Round "5.6"]
[White "Varas, Carlos"]
[Black "Pallardo Lozoya, Jose Vicente"]
[Result "1/2-1/2"]
[WhiteElo "2254"]
[BlackElo "2117"]
[PlyCount "64"]
[EventDate "2003.11.21"]
[EventType "swiss"]
[EventRounds "9"]
[EventCountry "ESP"]
[Source "lmi"]
[SourceDate "2003.11.21"]

1. e4 e6 2. d4 d5 3. Nc3 Nf6 4. Bd3 c5 5. Nf3 cxd4 6. Nxd4 Nc6 7. Bb5 Bd7 8.
exd5 exd5 9. O-O Be7 10. Re1 O-O 11. Bg5 Re8 12. Qd3 a6 13. Ba4 Qa5 14. Nf5 Bd8
15. Rxe8+ Nxe8 16. Bxd8 Rxd8 17. Bb3 Bxf5 18. Qxf5 Nd4 19. Qe5 Nxb3 20. Re1 Nf6
21. axb3 Qc5 22. h3 b5 23. Qe7 Qxe7 24. Rxe7 d4 25. Ne2 d3 26. cxd3 Rxd3 27.
Ra7 h6 28. Nc3 Nd5 29. Nxd5 Rxd5 30. Rxa6 Rd3 31. Ra8+ Kh7 32. Re8 Rxb3 1/2-1/2

[Event "Benidorm 2003 - sub2300"]
[Site "Benidorm ESP"]
[Date "2003.11.24"]
[Round "5.7"]
[White "Fenollar Jorda, Manuel"]
[Black "Babataeva, Indira"]
[Result "1/2-1/2"]
[WhiteElo "2251"]
[BlackElo "2122"]
[PlyCount "76"]
[EventDate "2003.11.21"]
[EventType "swiss"]
[EventRounds "9"]
[EventCountry "ESP"]
[Source "lmi"]
[SourceDate "2003.11.21"]

1. e4 c5 2. Nf3 Nc6 3. d4 cxd4 4. Nxd4 Nf6 5. Nc3 e5 6. Ndb5 d6 7. Bg5 a6 8.
Na3 b5 9. Bxf6 gxf6 10. Nd5 f5 11. Bd3 Be6 12. Qh5 Rg8 13. g3 Rg5 14. Qxh7 Nd4
15. O-O-O Rg6 16. Qh4 Qxh4 17. gxh4 Rc8 18. Rhe1 Rg2 19. f4 Bh6 20. Kb1 Kf8 21.
Ne3 Rxh2 22. exf5 Bd7 23. Ng4 Rxh4 24. Nxh6 Rxh6 25. fxe5 Bxf5 26. exd6 Rxd6
27. c3 Bxd3+ 28. Rxd3 Nf5 29. Rxd6 Nxd6 30. Nc2 Re8 31. Rxe8+ Nxe8 32. Nb4 Nc7
33. Kc2 Ke7 34. Kd3 Ke6 35. Kd4 Kd6 36. Ke4 Ke6 37. Kd4 Kd6 38. Ke4 Ke6 1/2-1/2

[Event "Benidorm 2003 - sub2300"]
[Site "Benidorm ESP"]
[Date "2003.11.24"]
[Round "5.8"]
[White "Panic, Nikola"]
[Black "Kutuzov, Denis"]
[Result "0-1"]
[WhiteElo "2236"]
[BlackElo "2249"]
[PlyCount "76"]
[EventDate "2003.11.21"]
[EventType "swiss"]
[EventRounds "9"]
[EventCountry "ESP"]
[Source "lmi"]
[SourceDate "2003.11.21"]

1. e4 e6 2. d4 d5 3. Nc3 Nf6 4. exd5 exd5 5. Bd3 Be7 6. h3 Nc6 7. Nf3 Nb4 8.
O-O Nxd3 9. Qxd3 h6 10. Bf4 c6 11. Nd1 O-O 12. Ne3 Re8 13. Bh2 Bf8 14. Ne5 Qb6
15. Rab1 Be6 16. N5g4 Bxg4 17. hxg4 Re4 18. Be5 Nxg4 19. Nc4 Qb4 20. b3 Nxe5
21. dxe5 b5 22. c3 Qc5 23. Nd2 Rxe5 24. Nf3 Re4 25. Nd4 Rae8 26. b4 Qb6 27. a4
a6 28. axb5 axb5 29. g3 g6 30. Ra1 h5 31. Kg2 Bxb4 32. Nxb5 Bc5 33. Nd4 Bxd4
34. Ra6 Qb3 35. Rxc6 Bg7 36. Rb1 Qa2 37. Rb5 Re3 38. Qd1 Re2 0-1

[Event "Benidorm 2003 - sub2300"]
[Site "Benidorm ESP"]
[Date "2003.11.24"]
[Round "5.9"]
[White "Fossum, Oystein Boyum"]
[Black "Ferron Garcia, Carlos"]
[Result "0-1"]
[WhiteElo "2098"]
[BlackElo "2279"]
[PlyCount "100"]
[EventDate "2003.11.21"]
[EventType "swiss"]
[EventRounds "9"]
[EventCountry "ESP"]
[Source "lmi"]
[SourceDate "2003.11.21"]

1. e4 e5 2. Nf3 Nc6 3. Bc4 Nf6 4. d3 h6 5. O-O d6 6. c3 g6 7. Re1 Nh5 8. Nbd2
Bg7 9. Nf1 Qf6 10. a4 O-O 11. a5 a6 12. Ng3 Nf4 13. Be3 Bg4 14. b4 g5 15. Rc1
Ne7 16. Bxf4 gxf4 17. Nf1 Qg6 18. Kh1 Qh5 19. h3 Rad8 20. N1h2 Bc8 21. d4 Bf6
22. Rc2 Kh8 23. dxe5 dxe5 24. Rd2 Rxd2 25. Nxd2 Qg6 26. Be2 Rd8 27. Bg4 Bg7 28.
Qe2 Qc6 29. Nc4 Qb5 30. Bxc8 Nxc8 31. Nf3 f6 32. Nb2 c5 33. Qxb5 axb5 34. bxc5
Bf8 35. Ra1 Bxc5 36. a6 bxa6 37. Rxa6 Nd6 38. Nd3 Nxe4 39. Nxc5 Nxc5 40. Rxf6
Rd1+ 41. Kh2 Ne4 42. Rxh6+ Kg7 43. Re6 Nxf2 44. Ng1 e4 45. g3 Kf7 46. Rb6 f3
47. Rxb5 Ke6 48. g4 Nxg4+ 49. Kg3 Rxg1+ 50. Kf4 f2 0-1

[Event "Benidorm 2003 - sub2300"]
[Site "Benidorm ESP"]
[Date "2003.11.24"]
[Round "5.10"]
[White "Rouzaud, Philippe"]
[Black "Vinas Guerrero, Carlos A"]
[Result "0-1"]
[WhiteElo "2284"]
[BlackElo "2098"]
[PlyCount "96"]
[EventDate "2003.11.21"]
[EventType "swiss"]
[EventRounds "9"]
[EventCountry "ESP"]
[Source "lmi"]
[SourceDate "2003.11.21"]

1. c3 c5 2. e4 d5 3. exd5 Qxd5 4. d4 Nc6 5. Nf3 Nf6 6. Be3 Bg4 7. Be2 e6 8. h3
cxd4 9. cxd4 Bb4+ 10. Nc3 Bf5 11. O-O Qa5 12. Na4 Nd5 13. a3 Bd6 14. b4 Qd8 15.
Rc1 O-O 16. Nc5 Qe7 17. Bg5 f6 18. Bd2 Rfc8 19. Qb3 b6 20. Nd3 Be4 21. Qb2 a5
22. Rc4 b5 23. Rcc1 axb4 24. Nxb4 Ncxb4 25. Bxb4 Bxb4 26. axb4 Qxb4 27. Qxb4
Nxb4 28. Nd2 Bd3 29. Bxd3 Nxd3 30. Rb1 b4 31. Rb3 Rc3 32. Rfb1 Rd8 33. Nf3 Re8
34. d5 exd5 35. Nd4 Rxb3 36. Nxb3 Rc8 37. Kf1 Rc2 38. Rd1 Nc5 39. Nd4 Rc4 40.
Nb5 b3 41. Na3 Ra4 42. Nb1 d4 43. Ke2 Ra2+ 44. Kf3 Ra1 45. Ke2 Ra2+ 46. Kf3 Ra1
47. Ke2 Kf7 48. Kd2 Ne4+ 0-1

[Event "Benidorm 2003 - sub2300"]
[Site "Benidorm ESP"]
[Date "2003.11.24"]
[Round "5.11"]
[White "Goormachtigh, Johan"]
[Black "Ceballos Hornero, Daniel"]
[Result "1/2-1/2"]
[WhiteElo "2266"]
[BlackElo "2207"]
[PlyCount "71"]
[EventDate "2003.11.21"]
[EventType "swiss"]
[EventRounds "9"]
[EventCountry "ESP"]
[Source "lmi"]
[SourceDate "2003.11.21"]

1. d4 d5 2. c4 c6 3. Nc3 Nf6 4. Nf3 dxc4 5. a4 Bf5 6. e3 Nbd7 7. Bxc4 e6 8. O-O
Be7 9. Qe2 O-O 10. Rd1 Qc7 11. e4 Bg4 12. e5 Nd5 13. Nxd5 cxd5 14. Bd3 Rfc8 15.
h3 Bh5 16. Bxh7+ Kxh7 17. Ng5+ Bxg5 18. Qxh5+ Bh6 19. Bxh6 gxh6 20. Qxf7+ Kh8
21. Qg6 Nf8 22. Qxh6+ Qh7 23. Qxh7+ Kxh7 24. Rac1 Ng6 25. g3 Ne7 26. g4 Rxc1
27. Rxc1 Rc8 28. Rxc8 Nxc8 29. f4 Ne7 30. Kf2 a6 31. Ke3 b5 32. axb5 axb5 33.
h4 Kh6 34. h5 b4 35. Kd2 Nc6 36. Kd3 1/2-1/2

[Event "Benidorm 2003 - sub2300"]
[Site "Benidorm ESP"]
[Date "2003.11.24"]
[Round "5.12"]
[White "Radovanovic, Jovica"]
[Black "Madina, Martin"]
[Result "0-1"]
[WhiteElo "2219"]
[BlackElo "2262"]
[PlyCount "78"]
[EventDate "2003.11.21"]
[EventType "swiss"]
[EventRounds "9"]
[EventCountry "ESP"]
[Source "lmi"]
[SourceDate "2003.11.21"]

1. e4 c5 2. Nf3 e6 3. d4 cxd4 4. Nxd4 Qb6 5. Nb3 Qc7 6. g3 d6 7. Bg2 Nf6 8. O-O
Be7 9. Be3 O-O 10. N1d2 e5 11. h3 b5 12. Rc1 Nbd7 13. c4 b4 14. Rc2 Nc5 15. Qe2
Bb7 16. f3 a5 17. Rd1 a4 18. Nxc5 dxc5 19. Nf1 Rfd8 20. Bf2 Rd4 21. Ne3 b3 22.
axb3 axb3 23. Rc3 Qb6 24. Rdd3 g6 25. Rxb3 Ra1+ 26. Kh2 Qc7 27. Nc2 Ra4 28.
Nxd4 cxd4 29. Rd1 Ba6 30. Rc1 Rxc4 31. Ra1 Rb4 32. Rxa6 Rxb3 33. Bf1 Kg7 34.
Kg2 d3 35. Qd2 Qc4 36. Ra7 Bb4 37. Qe3 Rxb2 38. Rb7 Bc5 39. Bxd3 Bxe3 0-1

[Event "Benidorm 2003 - sub2300"]
[Site "Benidorm ESP"]
[Date "2003.11.24"]
[Round "5.13"]
[White "Celaya Tapiz, Jose Maria"]
[Black "Bosque Ortega, Xavier"]
[Result "1/2-1/2"]
[WhiteElo "2213"]
[BlackElo "2258"]
[PlyCount "145"]
[EventDate "2003.11.21"]
[EventType "swiss"]
[EventRounds "9"]
[EventCountry "ESP"]
[Source "lmi"]
[SourceDate "2003.11.21"]

1. e4 c6 2. d4 d5 3. Nc3 g6 4. exd5 cxd5 5. Nf3 Bg7 6. Bb5+ Nc6 7. h3 Nf6 8.
O-O O-O 9. Re1 Bd7 10. Ne5 e6 11. Bg5 Qc7 12. Qd2 Rac8 13. Rac1 a6 14. Bxc6
Bxc6 15. Nxc6 Qxc6 16. Bxf6 Bxf6 17. Ne2 b5 18. a3 Qb6 19. c3 a5 20. g3 b4 21.
cxb4 axb4 22. Qxb4 Qxb4 23. axb4 Rb8 24. Rc2 Rxb4 25. Rd1 Rfb8 26. Rdd2 Bd8 27.
Kf1 Ba5 28. Rc5 Ra4 29. Rdc2 Kg7 30. Rc8 Rxc8 31. Rxc8 Bb6 32. Rb8 Bxd4 33. b4
Be5 34. Rb7 d4 35. Ng1 d3 36. Nf3 Bc3 37. Rd7 d2 38. Nxd2 Bxd2 39. Rxd2 Rxb4
40. Rd7 Rb2 41. Kg2 g5 42. Kf3 Kg6 43. Re7 h5 44. Re8 g4+ 45. hxg4 hxg4+ 46.
Ke3 Kf5 47. Rh8 Rb3+ 48. Ke2 Ke4 49. Ra8 Rb4 50. Ra3 f5 51. Re3+ Kd5 52. Ra3 e5
53. Rd3+ Rd4 54. Ra3 Re4+ 55. Kf1 Rb4 56. Ke2 f4 57. gxf4 exf4 58. Ra8 Rb2+ 59.
Kf1 Rb3 60. Kg2 Rb2 61. Kf1 Rb3 62. Kg2 Rb2 63. Ra5+ Ke4 64. Ra4+ Kf5 65. Ra5+
Kf6 66. Kg1 Re2 67. Kf1 Re5 68. Ra8 Kf5 69. Kg2 Rd5 70. Rf8+ Kg5 71. Rg8+ Kh4
72. Rh8+ Rh5 73. Rg8 1/2-1/2

[Event "Benidorm 2003 - sub2300"]
[Site "Benidorm ESP"]
[Date "2003.11.24"]
[Round "5.14"]
[White "Godlauskas, Kazys"]
[Black "Roofdhooft, Marcel"]
[Result "1/2-1/2"]
[WhiteElo "2209"]
[BlackElo "2257"]
[PlyCount "35"]
[EventDate "2003.11.21"]
[EventType "swiss"]
[EventRounds "9"]
[EventCountry "ESP"]
[Source "lmi"]
[SourceDate "2003.11.21"]

1. e4 e6 2. d4 d5 3. e5 c5 4. c3 Bd7 5. Nf3 Qb6 6. Na3 cxd4 7. cxd4 Bxa3 8.
bxa3 Ne7 9. Bd3 Nbc6 10. Kf1 h6 11. Rb1 Qc7 12. h4 O-O-O 13. a4 f6 14. Ba3 fxe5
15. dxe5 Be8 16. h5 Rf8 17. Rc1 Bf7 18. Rh4 1/2-1/2

[Event "Benidorm 2003 - sub2300"]
[Site "Benidorm ESP"]
[Date "2003.11.24"]
[Round "5.15"]
[White "Perez Lopez, Jesus Maria"]
[Black "Tebar Moreno, Juan Carlos"]
[Result "1/2-1/2"]
[WhiteElo "2205"]
[BlackElo "2254"]
[PlyCount "99"]
[EventDate "2003.11.21"]
[EventType "swiss"]
[EventRounds "9"]
[EventCountry "ESP"]
[Source "lmi"]
[SourceDate "2003.11.21"]

1. d4 d5 2. c4 Nc6 3. cxd5 Qxd5 4. e3 e5 5. Nc3 Bb4 6. a3 Bxc3+ 7. bxc3 Nf6 8.
Nf3 e4 9. Nd2 Qg5 10. g3 O-O 11. Bg2 Re8 12. c4 Bf5 13. O-O Qh6 14. Re1 Bh3 15.
Bh1 Rad8 16. Bb2 Bf5 17. Qb3 b6 18. Qb5 Ne7 19. a4 a5 20. Ra2 Bd7 21. Qb3 Ng6
22. Bg2 Bh3 23. Bh1 Qh5 24. Qc2 Nh4 25. d5 Nf3+ 26. Nxf3 exf3 27. Bxf6 gxf6 28.
Qd1 Bg4 29. h3 Qxh3 30. Bxf3 Bc8 31. Qd4 Qf5 32. Bg2 Kf8 33. Rd1 Re5 34. c5
bxc5 35. Qxc5+ Kg7 36. Qxa5 Bb7 37. Rad2 Rd7 38. Qb5 c6 39. dxc6 Rxd2 40. Rxd2
Rxb5 41. axb5 Bc8 42. Rb2 Qe5 43. Rb1 Bf5 44. Rc1 Qxb5 45. c7 Bc8 46. Be4 Qb2
47. Rc4 Qb5 48. Rc1 Qb2 49. Rc4 Qb5 50. Rc1 1/2-1/2

[Event "Benidorm 2003 - sub2300"]
[Site "Benidorm ESP"]
[Date "2003.11.24"]
[Round "5.16"]
[White "Burriel Rosello, Carlos"]
[Black "Alonso Moyano, Jonathan"]
[Result "0-1"]
[WhiteElo "2197"]
[BlackElo "2244"]
[PlyCount "52"]
[EventDate "2003.11.21"]
[EventType "swiss"]
[EventRounds "9"]
[EventCountry "ESP"]
[Source "lmi"]
[SourceDate "2003.11.21"]

1. e4 c5 2. Nf3 d6 3. Nc3 Nf6 4. d4 cxd4 5. Nxd4 g6 6. Be3 Bg7 7. f3 O-O 8. Qd2
Nc6 9. O-O-O Nxd4 10. Bxd4 Be6 11. Kb1 Qc7 12. g4 Rfc8 13. h4 Qa5 14. a3 Rab8
15. g5 Nh5 16. Nd5 Qxd2 17. Rxd2 Bxd5 18. exd5 Bxd4 19. Rxd4 Ng3 20. Rg1 Nf5
21. Re4 Rc5 22. c4 b5 23. b4 bxc4 24. Bxc4 a5 25. b5 e6 26. Rd1 exd5 0-1

[Event "Benidorm 2003 - sub2300"]
[Site "Benidorm ESP"]
[Date "2003.11.24"]
[Round "5.17"]
[White "Aalbersberg Kroon, Pedro"]
[Black "Zurmely, Frank"]
[Result "0-1"]
[WhiteElo "2165"]
[BlackElo "2235"]
[PlyCount "94"]
[EventDate "2003.11.21"]
[EventType "swiss"]
[EventRounds "9"]
[EventCountry "ESP"]
[Source "lmi"]
[SourceDate "2003.11.21"]

1. e4 c5 2. Nc3 d6 3. f4 Nc6 4. Bb5 Bd7 5. Bxc6 Bxc6 6. Nf3 Nf6 7. d3 e6 8. O-O
Be7 9. Kh1 O-O 10. Qe1 d5 11. e5 Nd7 12. Qg3 f5 13. Ng5 Bxg5 14. fxg5 Qc7 15.
Bf4 g6 16. Rae1 Qa5 17. Bd2 Qa6 18. a3 b5 19. Ne2 d4 20. Nf4 Rae8 21. Re2 Qb6
22. h4 Rf7 23. h5 Rg7 24. Kg1 a5 25. Kf2 c4 26. Rh1 b4 27. Bc1 b3 28. cxb3 cxd3
29. Nxd3 Nc5 30. Nxc5 Qxc5 31. hxg6 hxg6 32. Rd2 f4 33. Qd3 Qxe5 34. Qxd4 Qxg5
35. Kg1 Qf5 36. Rf2 g5 37. Qc3 Bd5 38. Rh6 e5 39. Qxa5 Bf7 40. Bd2 Rg6 41.
Rxg6+ Qxg6 42. Bc3 e4 43. Rd2 e3 44. Rd7 e2 45. Kf2 g4 46. Be1 Qe4 47. Bc3 Qe3+
0-1

[Event "Benidorm 2003 - sub2300"]
[Site "Benidorm ESP"]
[Date "2003.11.24"]
[Round "5.18"]
[White "Gonzalez Marrero, Jacob"]
[Black "Ercan, Mehmet Fahri"]
[Result "1/2-1/2"]
[WhiteElo "2229"]
[BlackElo "2075"]
[PlyCount "153"]
[EventDate "2003.11.21"]
[EventType "swiss"]
[EventRounds "9"]
[EventCountry "ESP"]
[Source "lmi"]
[SourceDate "2003.11.21"]

1. d4 Nf6 2. Nf3 e6 3. g3 d5 4. c4 c6 5. Bg2 Bb4+ 6. Bd2 Qe7 7. O-O O-O 8. Qc2
Nbd7 9. Bf4 Bd6 10. Be5 Ne4 11. Nc3 f6 12. Bxd6 Nxd6 13. c5 Nf7 14. e4 Ng5 15.
Nxg5 fxg5 16. Rfe1 Qf7 17. Re2 Nf6 18. Rae1 Re8 19. Qd2 h6 20. b4 a6 21. a4 Bd7
22. Qa2 Rad8 23. b5 axb5 24. axb5 Bc8 25. Qa4 Bd7 26. Qa2 h5 27. Qa7 Bc8 28. e5
Nh7 29. bxc6 bxc6 30. Qxf7+ Kxf7 31. Ra1 Rd7 32. Rb2 Nf8 33. Bf3 g4 34. Bd1 Rc7
35. h3 gxh3 36. Bxh5+ g6 37. Bg4 Ree7 38. Bxh3 Rb7 39. Rab1 Rxb2 40. Rxb2 Ra7
41. Rb4 Ra1+ 42. Kg2 Rc1 43. Na2 Rc2 44. Ra4 Bd7 45. Kf3 Nh7 46. Ke3 Ng5 47.
Bg2 Rb2 48. Nc1 Rb1 49. Nd3 Rg1 50. Bf3 Ke8 51. Nf4 Rb1 52. Be2 Ne4 53. Ra8+
Kf7 54. Ra7 Ke8 55. Nxg6 Rb3+ 56. Kf4 Nxf2 57. Bh5 Nh3+ 58. Kg4 Nf2+ 59. Kh4
Kd8 60. Nf8 Bc8 61. Bf7 Rb4 62. Bxe6 Rxd4+ 63. Kh5 Re4 64. Ra8 Rxe5+ 65. Kg6
Ke7 66. Rxc8 Ne4 67. Bh3 Rg5+ 68. Kh6 Rxg3 69. Ng6+ Kf7 70. Nh8+ Kf6 71. Rxc6+
Ke5 72. Nf7+ Kd4 73. Be6 Nxc5 74. Nd6 Rg1 75. Nf5+ Ke5 76. Rxc5 Kxe6 77. Ne3
1/2-1/2

[Event "Benidorm 2003 - sub2300"]
[Site "Benidorm ESP"]
[Date "2003.11.24"]
[Round "5.19"]
[White "Llavador Moron, Juan Jose"]
[Black "Cano Sanchez, Josue"]
[Result "1/2-1/2"]
[WhiteElo "2108"]
[BlackElo "2224"]
[PlyCount "81"]
[EventDate "2003.11.21"]
[EventType "swiss"]
[EventRounds "9"]
[EventCountry "ESP"]
[Source "lmi"]
[SourceDate "2003.11.21"]

1. e4 c6 2. d4 d5 3. e5 Bf5 4. Nc3 Qb6 5. Nge2 e6 6. Ng3 Bg6 7. h4 h6 8. h5 Bh7
9. Na4 Qa5+ 10. c3 Nd7 11. b4 Qc7 12. Bd3 Bxd3 13. Qxd3 a5 14. bxa5 Qxa5 15.
Nb2 Ba3 16. O-O Bxb2 17. Bxb2 Qb5 18. Qc2 Ne7 19. a4 Qc4 20. Rfc1 O-O 21. Nf1
c5 22. Ne3 Qa6 23. f4 Rfc8 24. Qf2 Qd3 25. Rd1 Qh7 26. c4 dxc4 27. Nxc4 cxd4
28. Rxd4 Rc7 29. Rad1 Nd5 30. Nd6 Rc2 31. R1d2 Rxd2 32. Qxd2 Qb1+ 33. Kh2 Qa2
34. Qc2 N7b6 35. f5 exf5 36. Qxf5 Ne7 37. Qf2 Qe6 38. Rf4 Nd7 39. Rxf7 Rf8 40.
Rxf8+ Nxf8 41. Nxb7 1/2-1/2

[Event "Benidorm 2003 - sub2300"]
[Site "Benidorm ESP"]
[Date "2003.11.24"]
[Round "5.20"]
[White "Fernandez Otero, Jose"]
[Black "Buenafe Moya, Javier"]
[Result "0-1"]
[WhiteElo "2104"]
[BlackElo "2298"]
[PlyCount "38"]
[EventDate "2003.11.21"]
[EventType "swiss"]
[EventRounds "9"]
[EventCountry "ESP"]
[Source "lmi"]
[SourceDate "2003.11.21"]

1. e4 c6 2. d4 d5 3. exd5 cxd5 4. c4 Nf6 5. Nc3 Nc6 6. Nf3 Bg4 7. cxd5 Nxd5 8.
Qb3 Bxf3 9. gxf3 Nb6 10. d5 Nd4 11. Qd1 e5 12. dxe6 fxe6 13. Bd3 Qf6 14. f4 Rd8
15. Qh5+ g6 16. Ne4 Bb4+ 17. Kf1 Qf5 18. Qh6 Bf8 19. Qg5 Qh3+ 0-1